000 00819nam a22001937a 4500
999 _c217461
_d217461
008 201130b ||||| |||| 00| 0 eng d
040 _bger
_cDE-2950
_erda
_aDE-2950
041 _ager
100 _aRichter, Janine;
245 _aWötzel tritt für "Die Basis" an.
_bBundestagswahl: Der 50jährige aus Grünheide ist Direktkandidat im Wahlkreis 63 Oder-Spree/ Frankfurt (Oder). Noch bis Februar war er in der FDP /
_cJanine Richter
653 _aFrankfurt (Oder) / Landkreis Oder-Spree
653 _aBundestagswahl / Kandidat
653 _aPartei "Die Basis"
773 _dFrankfurt (Oder): Märkisches Verlags- und Druckhaus GmbH & Co KG
_g32. Jahrgang (2021) Nr. 146 vom 26./27.06.2021, S.22 : Foto
_tMärkische Oderzeitung
942 _cA